Normal view
MARC view
- Yousaf Rizwana
Entry Personal Name
001 - CONTROL NUMBER
- control field: 4773
003 - CONTROL NUMBER IDENTIFIER
- control field: NUST
005 - DATE AND TIME OF LATEST TRANSACTION
- control field: 20170921154208.0
008 - FIXED-LENGTH DATA ELEMENTS
- fixed length control field: 170921|| aca||aabn | a|a d
040 ## - CATALOGING SOURCE
- Original cataloging agency: NUST
- Transcribing agency: NUST
100 ## - HEADING--PERSONAL NAME
- Personal name: Yousaf Rizwana
670 ## - SOURCE DATA FOUND
- Source citation: Work cat.: (NUST): Yousaf Rizwana, Impact of sector Investment on Trade-of between child labour and Schooling:A Panel data analysis, 2012
